000 00599nam a2200217 a 4500
001 BRL_230
005 20190320210638.0
008 840926s1947----fr-a######---#000-0afre-#
041 _afre
044 _afr
050 4 _aND653.G6
_b.V56 1947
245 1 0 _aVincent van Gogh.
260 _aParís
_bPhaidon
_c1947
300 _a14 p.
_bil. (algunas a color), 120 láminas
_c36 cm.
500 _aIncluye índice de ilustraciones
500 _aIncluye 3 láminas sueltas
500 _aAu189
600 1 4 _aGogh, Vincent van
_d1853-1890
_vCatálogos
_xPintura
_912263
902 _aGRL
942 _2lcc
_cB
999 _c9043
_d9043